000 00511nam a2200181Ia 4500
003 SGT
020 _a9780070669130
082 _a511
_bLIU
100 _aLiu, C. L.
245 _aElements of discrete mathematics
250 _a3rd . Ed.
260 _bTata McGraw Hill Education Private Limited
_aNew Delhi
_c2008
300 _a543p.
650 _aMATHEMATICS ENGINEERING
653 _aSETS AND PROPOSITIONS, REATIONS AND FUNCTIONS, GRAPHS AND PLANAR GRAPHS
700 _aMohapatra,D.P
942 _2ddc
_cBK
_025
999 _c5192
_d5192